Felt tents and pavilions (Бичлэгийн дугаар. 144241)
| 000 -УДИРДЛАГА | |
|---|---|
| Удирдлага | 01766nam a2200397 4500 |
| 003 - ХЯНАЛТЫН ТОО ТОДОРХОЙЛОГЧ | |
| Код | MN-UlNUM |
| 005 - БИЧИЛТ ХИЙСЭН ОГНОО | |
| Тухайн бичилтийг бичсэн засварласан сүүлийн огноо | 20251016100827.0 |
| 008 - ЕРӨНХИЙ МЭДЭЭЛЭЛ | |
| Ерөнхий мэдээлэл | 250917s1999 enkabe|| |||| 001 | eng d |
| 020 ## - ISBN | |
| ISBN | 9781901764048 |
| 040 ## - БИЧЛЭГ ҮҮСГЭГЧ БАЙГУУЛЛАГА | |
| Бичлэг үүсгэгч номын сангийн код | МУИС-ийн номын сан |
| 084 ## - ББК АНГИЛАЛ | |
| Нэмэлт тусгалт | Нэг сэдэвт бүтээл |
| Мэдлэгийн ялгаа | 3 - Техник |
| Зохиогчийн гурван тэмдэгт | A 54 |
| ББК ангилал | 63.5 |
| 100 1# - ЗОХИОГЧ | |
| Зохиогчийн нэр | Andrews, Peter A. |
| 245 10 - ҮНДСЭН ГАРЧИГ | |
| Номын нэр | Felt tents and pavilions |
| Бага гарчгийн мэдээ | The nomadic tradition and its interaction with princely tentage: |
| Ботийн дугаар | V. 2 |
| 260 ## - ГАРАЛТЫН МЭДЭЭ | |
| Хэвлэгдсэн газар | London |
| Хэвлэлийн газар | Melisende |
| Хэвлэгдсэн он | 1999 |
| 300 ## - МАТЕРИАЛЫН ТОДОРХОЙЛОЛТ | |
| хуудасны тоо | 1472 |
| Бусад тоон мэдээлэл | ill. (some col.), maps, plans ; |
| Хэмжээ | 26 cm |
| 500 ## - Тайлбар | |
| Дансны дугаар | ГФ 20887 "Kölner ethnologische Mitteilungen. Sonderband." |
| 505 ## - Агуулгын тэмдэглэгээ | |
| Агуулгын тэмдэглэгээ | This is a seminal and monumental work on the history, architecture, cultural significance, and technological aspects of nomadic tents and royal pavilions, primarily across Central Asia, the Middle East, Mongolia, and South Asia. Andrews blends ethnography, history, architecture, and art history to examine how mobile tent traditions—especially those of Turkic and Mongol nomads—interacted with and influenced the ceremonial and luxurious tents of princely courts, particularly during the Mughal, Timurid, and Ottoman periods. |
| 546 ## - ХЭЛНИЙ ТУХАЙ МЭДЭЭ | |
| Хэл | Англи хэл дээр, |
| 653 ## - Түлхүүр үг | |
| Түлхүүр үг | Nomadic architecture |
| 653 ## - Түлхүүр үг | |
| Түлхүүр үг | Tentage |
| 653 ## - Түлхүүр үг | |
| Түлхүүр үг | Felt tents |
| 653 ## - Түлхүүр үг | |
| Түлхүүр үг | Yurt (Ger) |
| 653 ## - Түлхүүр үг | |
| Түлхүүр үг | Trellis tent / Kerege |
| 653 ## - Түлхүүр үг | |
| Түлхүүр үг | Mobile dwelling |
| 653 ## - Түлхүүр үг | |
| Түлхүүр үг | Portable architecture |
| 653 ## - Түлхүүр үг | |
| Түлхүүр үг | Steppe cultures |
| 740 ## - НОМЫН ГАРЧИГ | |
| Гарчиг | The Moghul period |
| 740 ## - НОМЫН ГАРЧИГ | |
| Гарчиг | The Tradition of Tentage in India (1206-1526) |
| 740 ## - НОМЫН ГАРЧИГ | |
| Гарчиг | Akbar |
| 740 ## - НОМЫН ГАРЧИГ | |
| Гарчиг | Shah-Jahān |
| 740 ## - НОМЫН ГАРЧИГ | |
| Гарчиг | Dīvān-Khāna-yi 'Amm |
| 740 ## - НОМЫН ГАРЧИГ | |
| Гарчиг | The Bargah, Double Bārgāh, and Aspak |
| 942 ## - ЭЛЕМЕНТИЙН ТӨРӨЛ | |
| Зүйлийн төрөл | Ном |
